Statistics for Indonesia A-Z

Click here to take the quiz!

General Stats

  • This quiz has been taken 693 times
    (631 since last reset)
  • The average score is 16 of 26

Answer Stats

HintAnswer% Correct
BMost famous resort islandBali
97%
JCapital cityJakarta
96%
DNational animalKomodo {Dragon}
95%
HMost common religion in BHinduism
86%
OGreat ape of SumatraOrangutan
86%
EThis country was invaded by Indonesia in 1976 but eventually gained its
independence in 2002
East Timor
85%
KVolcano that erupted in 1883Krakatoa
85%
NCountry that used to control Indonesia until 1949Netherlands
84%
ZIndonesia has three different of thisTime {Zone}
80%
MIndonesian is a dialect of this languageMalay
75%
IColonial name of IndonesiaDutch East {Indies}
66%
SFounding presidentSukarno
64%
UOfficial motto of the country{Unity} in Diversity
63%
PEasternmost provincePapua
62%
VPosition now held by Ma'ruf AminVice President
51%
RThe largest flower in the worldRafflesia
50%
XMusical instrument that probably originated in IndonesiaXylophone
50%
TLake and site of a supervolcanoToba
49%
FMajor island that is home to dozens of DFlores
44%
YThe only royal city in Indonesia that is being ruled by a monarchYogyakarta
44%
GBird on the coat of armsGaruda
42%
CFormer name of SulawesiCelebes
40%
ASea northern Sumatra bordersAndaman
38%
QDirection towards which the Muslims prayQibla
34%
WIndonesian shadow playWayang
33%
LIsland chain B and F are part ofLesser Sunda Islands
12%

Score Distribution

Percentile by Number Answered

Percent of People with Each Score

Your Score History

You have not taken this quiz since the last reset